00389nam a2200145Ia 4500008004100000020001800041041000800059082001700067100004100084245003600125250000600161260004100167300001200208650002300220210716s2010 xx 000 0 und d a9780333926215 aeng a658.404 GOPP aGopalakrishnan, P; Ramamoorthy, V E. aTextbook of project management. a1 aNew DelhibMacmillan India Ltdc2010 axix,400 aProject Management